| 000 | 00439nam a2200181Ia 4500 | ||
|---|---|---|---|
| 005 | 20250603144827.0 | ||
| 008 | 250603s9999 xx 000 0 und d | ||
| 020 | _a9783031191961 | ||
| 050 | _aQP 425 .G45/ | ||
| 100 | _aGeiser, Fritz | ||
| 245 | 0 | _aEcological Physiology of Daily Torpor and Hibernation | |
| 260 | _aSwitzerland | ||
| 260 | _bSpringer | ||
| 260 | _c2023 | ||
| 300 | _a590 p | ||
| 650 | _aSwitzerland | ||
| 942 | _cBK | ||
| 999 |
_c40066 _d40066 |
||